|
|
|
|
| LEADER |
00000nam0a2200000 4500 |
| 001 |
269098 |
| 005 |
20260324105157.0 |
| 035 |
|
|
|a (RuTPU)RU\TPU\book\292270
|
| 090 |
|
|
|a 269098
|
| 100 |
|
|
|a 20140913d1987 km y0rusy5003 ca
|
| 101 |
0 |
|
|a rus
|
| 102 |
|
|
|a RU
|
| 105 |
|
|
|a y z 000zb
|
| 200 |
1 |
|
|a Круг на великом круге
|e конспекты и размышления
|f В. Чикин
|
| 205 |
|
|
|a 2-е изд., доп. и перераб
|
| 210 |
|
|
|a Москва
|c Молодая гвардия
|d 1987
|
| 215 |
|
|
|a 319 с.
|
| 225 |
1 |
|
|a Молодогвардейская Лениниана
|
| 600 |
|
1 |
|a Ленин
|b В. И.
|c настоящая фамилия Ульянов
|c российский политический деятель
|f 1870-1924
|g Владимир Ильич
|2 stltpush
|3 (RuTPU)RU\TPU\pers\1074
|9 486
|
| 606 |
|
|
|a Ленин В. И.
|j Материалы о произведениях
|9 89212
|
| 610 |
1 |
|
|a Марксизм-ленинизм
|
| 610 |
1 |
|
|a коммунистическое мировоззрение
|
| 610 |
1 |
|
|a формирование
|
| 610 |
1 |
|
|a классики
|
| 610 |
1 |
|
|a наследие
|
| 610 |
1 |
|
|a изучение
|
| 610 |
1 |
|
|a первоисточники
|
| 610 |
1 |
|
|a конспекты
|
| 610 |
1 |
|
|a размышления
|
| 686 |
|
|
|a Т3(2)6-8Ленин195
|2 rubbk
|
| 700 |
|
1 |
|a Чикин
|b В. В.
|g Валентин Васильевич
|4 070
|
| 801 |
|
0 |
|a RU
|b RuMRKP
|c 19950417
|g psbo
|
| 801 |
|
1 |
|a RU
|b 63413507
|c 20140913
|
| 801 |
|
2 |
|a RU
|b 63413507
|c 20160210
|g RCR
|
| 942 |
|
|
|c BK
|